00339nam a2200109Ia 4500008004100000245009900041260003300140260000900173300000900182500001100191650002700202170224s9999 xx 000 0 und d aAutomated Planning of Children’s Stories using Causal Links, Agents and Commonsense Ontology bPhilippine Computing Journal c2014 aIX:1 aAugust xInformation Technology